Municípios da Região Metropolitana de Recife (PE) no mapa - Statistics

Estatísticas Gerais
  • Esse quiz foi jogado 386 vezes
    347 desde o último reset
  • A pontuação média é 10 de 14
Respostas no mapa
Respostas codificadas por cores de uma escala verde-vermelha no mapa do quiz de acordo com a % correta abaixo.
 
Estatísticas das Respostas
Município % Correto
Recife
98%
Olinda
95%
Jaboatão dos Guararapes
92%
Paulista
85%
Cabo de Santo Agostinho
83%
Abreu e Lima
75%
Ipojuca
74%
Camaragibe
70%
Igarassu
70%
São Lourenço da Mata
64%
Ilha de Itamaracá
61%
Moreno
54%
Itapissuma
44%
Araçoiaba
34%
Nenhum quiz correspondente encontrado
Distribuição das Pontuações
Porcentagem de Pessoas com Cada Pontuação
Percentil de Números Respondidos
Sua Pontuação Histórica
Você não jogou esse quiz desde o último reset